MDQL
is popping MORE tags! Check the
thread
!
Quizzes
Events
Quiz Creation
Community
Videos
Private Events
Remove Ads
Sign In
Join for FREE
Feedback
Dark Mode
Quiz Categories
Sports
Geography
Music
Movies
Television
Just For Fun
Miscellaneous
History
Literature
Language
Science
Gaming
Entertainment
Religion
Holiday
For Kids
Quiz Lab
Recent
Popular Today
Quiz Kudos Today
Editor Picks
Curator Picks
Quizzes by...
Day
Popularity
Type
Ratings
Length
Year
Community
Subscriptions
Recent Discussions
Orange Saloon
Badges
Playlists
Quests
Create
Leaderboards
Showdown
Live 5
Trivia Bingo
Activity
Puzzle Library
Sporcle Events
Private Events
Virtual Trivia
Globe League
Become a Host
Pub Owners
SporcleCon
Opinionation
Our Games
Videos
Blog
Mobile Apps
Partnerships
Remove Ads and Go Orange
Feedback
Sports
Athletes
MLB
NBA
NHL
NFL
Soccer
Sports Teams
WWE
NCAA
Football
Premier League
Basketball
Baseball
Hockey
Golf
Tennis
Cricket
Rugby
Auto Racing
Olympics
World Cup
Sports
Athletes
MLB
NBA
NHL
NFL
Soccer
Sports Teams
WWE
NCAA
Football
Premier League
Basketball
Baseball
Hockey
Golf
Tennis
Cricket
Rugby
Auto Racing
Olympics
World Cup
Random Quiz
Search Sporcle
×
Quiz Lab
Quiz Lab
Sports
WWE
Type in answers that appear in a list
Type in answers that appear in a list
Classic
Best Score? Go Orange.
WWF/WWE Summerslam Participants Part 2 Stats
Can you name the WWF/WWE Summerslam Participants Part 2?
By
CosmoBrown
15m
190 Questions
566 Plays
566 Plays
566 Plays
Comments
Comments
Give Quiz Kudos
Give Quiz Kudos
-
- Ratings
hide this ad
Replay
Link that replays current quiz
Next Quiz
Link to next quiz in quiz playlist
You Got
0%
They Got
Avg Score
83%
Avg Friend Score
Upgrade to see
Score Distribution
Jump to the score distribution portion of the page
Score
0/190
Timer
15:00
0
Plays Today
Event
Wrestler
% Correct
Summerslam 1997 (3rd August 1997)
Hunter Hearst Helmsley
99.1%
Summerslam 1998 (30th August 1998)
Triple H
98.9%
Summerslam 1999 (22nd August 1999)
Triple H
98.9%
Summerslam 2000 (27th August 2000)
Triple H
98.9%
Summerslam 2002 (25th August 2002)
Triple H
98.9%
Summerslam 1995 (27th August 1995)
The Undertaker
98.2%
Summerslam 1996 (18th August 1996)
The Undertaker
98.2%
Summerslam 1997 (3rd August 1997)
The Undertaker
98.2%
Summerslam 1998 (30th August 1998)
The Undertaker
98.2%
Summerslam 1999 (22nd August 1999)
The Undertaker
98.2%
Summerslam 2000 (27th August 2000)
The Undertaker
98.2%
Summerslam 2001 (19th August 2001)
The Undertaker
98.2%
Summerslam 2002 (25th August 2002)
The Undertaker
98.2%
Summerslam 1996 (18th August 1996)
Stone Cold Steve Austin
98.1%
Summerslam 1997 (3rd August 1997)
Stone Cold Steve Austin
98.1%
Summerslam 1998 (30th August 1998)
Stone Cold Steve Austin
98.1%
Summerslam 1999 (22nd August 1999)
Stone Cold Steve Austin
98.1%
Summerslam 2001 (19th August 2001)
Stone Cold Steve Austin
98.1%
Summerslam 1998 (30th August 1998)
The Rock
97.5%
Summerslam 1999 (22nd August 1999)
The Rock
97.5%
Summerslam 2000 (27th August 2000)
The Rock
97.5%
Summerslam 2001 (19th August 2001)
The Rock
97.5%
Summerslam 2002 (25th August 2002)
The Rock
97.5%
Summerslam 1995 (27th August 1995)
Shawn Michaels
97.2%
Summerslam 1996 (18th August 1996)
Shawn Michaels
97.2%
Summerslam 2002 (25th August 2002)
Shawn Michaels
97.2%
Summerslam 1995 (27th August 1995)
Isacc Yankem
96.6%
Summerslam 1996 (18th August 1996)
Owen Hart
96.5%
Summerslam 1997 (3rd August 1997)
Owen Hart
96.5%
Summerslam 1998 (30th August 1998)
Owen Hart
96.5%
Summerslam 1999 (22nd August 1999)
Kane
96.5%
Summerslam 2000 (27th August 2000)
Kane
96.5%
Summerslam 2001 (19th August 2001)
Kane
96.5%
Summerslam 1995 (27th August 1995)
Bret Hitman Hart
95.8%
Summerslam 1996 (18th August 1996)
Mankind
95.8%
Summerslam 1997 (3rd August 1997)
Mankind
95.8%
Summerslam 1997 (3rd August 1997)
Bret Hitman Hart
95.8%
Summerslam 1998 (30th August 1998)
Mankind
95.8%
Summerslam 1999 (22nd August 1999)
Mankind
95.8%
Summerslam 1995 (27th August 1995)
Billy Gunn
94.5%
Summerslam 1996 (18th August 1996)
Billy Gunn
94.5%
Summerslam 1998 (30th August 1998)
Billy Gunn
94.5%
Summerslam 1999 (22nd August 1999)
Billy Gunn
94.5%
Summerslam 1995 (27th August 1995)
The 1-2-3 Kid
94%
Summerslam 1998 (30th August 1998)
X-Pac
94%
Summerslam 1998 (30th August 1998)
Edge
94%
Summerslam 1999 (22nd August 1999)
Edge
94%
Summerslam 1999 (22nd August 1999)
X-Pac
94%
Summerslam 2000 (27th August 2000)
X-Pac
94%
Summerslam 2000 (27th August 2000)
Edge
94%
Summerslam 2001 (19th August 2001)
Edge
94%
Summerslam 2001 (19th August 2001)
X-Pac
94%
Summerslam 2002 (25th August 2002)
Edge
94%
Summerslam 1995 (27th August 1995)
Bart Gunn
93.8%
Summerslam 1996 (18th August 1996)
Bart Gunn
93.8%
Summerslam 1999 (22nd August 1999)
Matt Hardy
93.3%
Summerslam 1999 (22nd August 1999)
Jeff Hardy
93.3%
Summerslam 2000 (27th August 2000)
Jeff Hardy
93.3%
Summerslam 2000 (27th August 2000)
Matt Hardy
93.3%
Summerslam 2001 (19th August 2001)
Jeff Hardy
93.3%
Summerslam 1999 (22nd August 1999)
Christian
92.2%
Summerslam 2000 (27th August 2000)
Christian
92.2%
Summerslam 2002 (25th August 2002)
Christian
92.2%
Summerslam 1995 (27th August 1995)
Diesel
91.5%
Event
Wrestler
% Correct
Summerslam 2000 (27th August 2000)
Kurt Angle
91.5%
Summerslam 2001 (19th August 2001)
Kurt Angle
91.5%
Summerslam 2002 (25th August 2002)
Kurt Angle
91.5%
Summerslam 2000 (27th August 2000)
Chris Jericho
91.3%
Summerslam 2001 (19th August 2001)
Chris Jericho
91.3%
Summerslam 2002 (25th August 2002)
Chris Jericho
91.3%
Summerslam 1995 (27th August 1995)
Razor Ramon
91.2%
Summerslam 2000 (27th August 2000)
Bubba Ray Dudley
90.6%
Summerslam 2000 (27th August 2000)
D-Von Dudley
90.6%
Summerslam 2001 (19th August 2001)
Bubba Ray Dudley
90.6%
Summerslam 2001 (19th August 2001)
D-Von Dudley
90.6%
Summerslam 1996 (18th August 1996)
The British Bulldog
90.3%
Summerslam 1997 (3rd August 1997)
The British Bulldog
90.3%
Summerslam 1996 (18th August 1996)
Goldust
89.8%
Summerslam 1997 (3rd August 1997)
Goldust
89.8%
Summerslam 2001 (19th August 2001)
Spike Dudley
89.8%
Summerslam 2002 (25th August 2002)
Goldust
89.8%
Summerslam 1999 (22nd August 1999)
Shane McMahon
88.9%
Summerslam 2000 (27th August 2000)
Shane McMahon
88.9%
Summerslam 2000 (27th August 2000)
Chris Benoit
88.9%
Summerslam 2002 (25th August 2002)
Chris Benoit
88.9%
Summerslam 1998 (30th August 1998)
Jeff Jarrett
88.5%
Summerslam 1999 (22nd August 1999)
Jeff Jarrett
88.5%
Summerslam 2000 (27th August 2000)
Eddie Guerrero
88.5%
Summerslam 2002 (25th August 2002)
Eddie Guerrero
88.5%
Summerslam 2001 (19th August 2001)
Booker T
88.3%
Summerslam 2002 (25th August 2002)
Booker T
88.3%
Summerslam 1995 (27th August 1995)
King Mabel
88.2%
Summerslam 1999 (22nd August 1999)
Viscera
88.2%
Summerslam 1997 (3rd August 1997)
Ken Shamrock
88%
Summerslam 1998 (30th August 1998)
Ken Shamrock
88%
Summerslam 1999 (22nd August 1999)
Ken Shamrock
88%
Summerslam 1998 (30th August 1998)
D'Lo Brown
87.6%
Summerslam 1999 (22nd August 1999)
D'Lo Brown
87.6%
Summerslam 1999 (22nd August 1999)
Test
87.1%
Summerslam 2001 (19th August 2001)
Test
87.1%
Summerslam 2002 (25th August 2002)
Test
87.1%
Summerslam 1999 (22nd August 1999)
Faarooq
86.9%
Summerslam 2001 (19th August 2001)
Faarooq
86.9%
Summerslam 1995 (27th August 1995)
Kama
86.7%
Summerslam 1999 (22nd August 1999)
The Big Show
86.7%
Summerslam 2000 (27th August 2000)
Chyna
86.7%
Summerslam 1999 (22nd August 1999)
Hardcore Holly
86.2%
Summerslam 1999 (22nd August 1999)
Bradshaw
86%
Summerslam 1999 (22nd August 1999)
Crash Holly
86%
Summerslam 2001 (19th August 2001)
Bradshaw
86%
Summerslam 1999 (22nd August 1999)
The Big Boss Man
85.9%
Summerslam 1996 (18th August 1996)
Vader
85.2%
Summerslam 1995 (27th August 1995)
Bob Holly
85%
Summerslam 1998 (30th August 1998)
Val Venis
85%
Summerslam 2000 (27th August 2000)
Val Venis
85%
Summerslam 1996 (18th August 1996)
Henry O Godwinn
84.8%
Summerslam 1997 (3rd August 1997)
Henry O. Godwinn
84.8%
Summerslam 1999 (22nd August 1999)
Mideon
84.8%
Summerslam 2001 (19th August 2001)
Rob Van Dam
84.3%
Summerslam 2002 (25th August 2002)
Rob Van Dam
84.3%
Summerslam 1998 (30th August 1998)
The Roaddogg
84.1%
Summerslam 2000 (27th August 2000)
The Roaddogg
84.1%
Summerslam 2002 (25th August 2002)
Brock Lesnar
84.1%
Summerslam 2000 (27th August 2000)
Rikishi
83%
Summerslam 1996 (18th August 1996)
Yokozuna
82.7%
Summerslam 1996 (18th August 1996)
Leif Cassidy
82.3%
Summerslam 1999 (22nd August 1999)
Al Snow
82.3%
Summerslam 1996 (18th August 1996)
Phineas I Godwinn
82%
Event
Wrestler
% Correct
Summerslam 1997 (3rd August 1997)
Phineas I. Godwinn
82%
Summerslam 1996 (18th August 1996)
Marc Mero
81.8%
Summerslam 1998 (30th August 1998)
Marc Mero
81.8%
Summerslam 2000 (27th August 2000)
Trish Stratus
81.4%
Summerslam 1995 (27th August 1995)
Hunter Hearst Helmsley
80.9%
Summerslam 1999 (22nd August 1999)
Steve Blackman
80.9%
Summerslam 2000 (27th August 2000)
Steve Blackman
80.9%
Summerslam 1998 (30th August 1998)
Sable
80.6%
Summerslam 2001 (19th August 2001)
DDP
79.5%
Summerslam 1996 (18th August 1996)
Savio Vega
78.8%
Summerslam 1997 (3rd August 1997)
Savio Vega
78.8%
Summerslam 1997 (3rd August 1997)
Hawk
78.4%
Summerslam 1997 (3rd August 1997)
Animal
78.4%
Summerslam 2000 (27th August 2000)
The Goodfather
77.9%
Summerslam 2000 (27th August 2000)
Scotty 2 Hotty
77.7%
Summerslam 2000 (27th August 2000)
Grand Master Sexay
77.4%
Summerslam 2001 (19th August 2001)
Lance Storm
77%
Summerslam 2002 (25th August 2002)
Lance Storm
77%
Summerslam 1995 (27th August 1995)
Alundra Blayze
75.1%
Summerslam 1997 (3rd August 1997)
Crush
74.7%
Summerslam 2002 (25th August 2002)
Rey Mysterio
74.2%
Summerslam 1996 (18th August 1996)
Jerry King Lawler
73.9%
Summerslam 1997 (3rd August 1997)
8-Ball
73.9%
Summerslam 2000 (27th August 2000)
Jerry 'The King' Lawler
73.9%
Summerslam 1996 (18th August 1996)
Marty Jannetty
73%
Summerslam 2001 (19th August 2001)
Kanyon
73%
Summerslam 1999 (22nd August 1999)
Ivory
72.6%
Summerslam 1998 (30th August 1998)
Jacqueline
71.2%
Summerslam 1995 (27th August 1995)
Skip
71%
Summerslam 1996 (18th August 1996)
Skip
71%
Summerslam 1997 (3rd August 1997)
Skull
71%
Summerslam 1997 (3rd August 1997)
Chainz
70.5%
Summerslam 2000 (27th August 2000)
Steven Richards
70.3%
Summerslam 1996 (18th August 1996)
Zip
70%
Summerslam 1999 (22nd August 1999)
Prince Albert
69.6%
Summerslam 1996 (18th August 1996)
Sycho Sid
69.4%
Summerslam 2001 (19th August 2001)
Tajiri
67.8%
Summerslam 2000 (27th August 2000)
Bull Buchanan
67.1%
Summerslam 2000 (27th August 2000)
Tazz
65.9%
Summerslam 2000 (27th August 2000)
The Kat
65.2%
Summerslam 1998 (30th August 1998)
Sho Funaki
65%
Summerslam 2002 (25th August 2002)
Ric Flair
65%
Summerslam 2001 (19th August 2001)
Rhyno
63.6%
Summerslam 1998 (30th August 1998)
Golga
63.4%
Summerslam 1998 (30th August 1998)
Taka Michinoku
62.2%
Summerslam 1995 (27th August 1995)
Bertha Faye
62%
Summerslam 1997 (3rd August 1997)
Brian Pillman
61.7%
Summerslam 1999 (22nd August 1999)
Tori
61%
Summerslam 1998 (30th August 1998)
Kurrgan
60.6%
Summerslam 1996 (18th August 1996)
Jake The Snake Roberts
59.7%
Summerslam 2000 (27th August 2000)
Terri
58.1%
Summerslam 1995 (27th August 1995)
Hakushi
55.8%
Summerslam 1999 (22nd August 1999)
Droz
54.2%
Summerslam 1995 (27th August 1995)
Barry Horowitz
54.1%
Summerslam 1998 (30th August 1998)
Dick Togo
53%
Summerslam 1998 (30th August 1998)
Giant Silva
50.4%
Summerslam 1995 (27th August 1995)
Jacob Blu
48.6%
Summerslam 1995 (27th August 1995)
Eli Blu
48.6%
Summerslam 1997 (3rd August 1997)
Jesus Castillo
41.3%
Summerslam 1998 (30th August 1998)
Mens Teioh
40.3%
Summerslam 1997 (3rd August 1997)
Miguel Perez, Jr
35%
Summerslam 1997 (3rd August 1997)
Jose Estrada, Jr
31.8%
Quiz Playlist
Details
Report
Send in Message
Add To Playlist
Classic:
Type in answers that appear in a list
Last Updated: Feb 16, 2017
Quiz Scoreboard
CHALLENGE
Sign Up to Join the Scoreboard
Show All
Scores
Hide
Comments
May contain spoilers
Recently Published
Two Season TV Shows II
by 123Four
Television
10m
Image Sorting: Flags VI
by Barbecue
Geography
2m
Find the 'City' Movie
by crazypaving
Movies
60s
More to Explore
Quiz From the Vault
Featured Blog Post
14 Easter Pick-up Lines to Find Eggs With
hide this ad
You Might Also Like...
Tags
WWE Quiz
Event
Matching
participant
Summerslam
Wrestlers
WWF
Today's Top Quizzes in Sports
Browse Sports
hide this ad
Today's Top Quizzes in WWE
Browse WWE
Top Contributed Quizzes in Sports
1
Les meilleurs buteurs des matchs entre le PSG et l’OM
2
Les entraîneurs de l'OM et du PSG au 21e siècle
3
2022 World Cup Stars
4
Les joueurs passés par le PSG et l'OM
5
Players with Multiple 50 Home Run Seasons
6
FIFA Club World Cup Champions
7
Criteria MLB: Left Handed Sluggers
8
Les joueurs passés par le LOSC et le RC Lens
9
Top 10 NHL Goal Scorers of All Time
10
MLB Players with Two .350 Batting Average Seasons
Explore More
Trending Topics
NBA
Marvel
Harry Potter
Disney
Crossword
Anime
Kpop
Soccer
The Office
WWE
NFL
Country
Pokémon
Song
Puzzle
hide this ad
More By:
CosmoBrown
Quiz
Plays
Rating
Category
Featured
Created
Every WWE Royal Rumble Entrant Ever! (1988-2015)
94,458
3.67
Sports
May 17, 2011
Wrestlemania & Starrcade Wrestlers
50,922
4.40
Sports
Feb 23, 2011
Wrestlers to have beaten HHH in the WWE
12,430
3.68
Sports
Aug 17, 2011
Wrestlers to have beaten Steve Austin in the WWE
9,247
4.12
Sports
Aug 28, 2011
Wrestlers to have wrestled on both WWE and TNA PPVs
6,707
3.23
Sports
May 7, 2011
Go to Creator's Profile
Score Distribution
Quiz Creator Spotlight
CosmoBrown
Follow
Send a Message
Quizzes Created
-
Created Quiz Play Count
-
More By This Creator
Popular Quizzes Today
1
Find the US States - No Outlines Minefield
2
Colored Red Africa Blitz
3
Find the 'City' Movie
4
5x2 Blitz: Bands
5
The Countries of the World
6
Find the Countries of Europe - No Outlines Minefield
7
Find the US States
8
US States
More Sports Quizzes
MLB All-Stars (2000s)
Published
Trending Quizzes
Colored Red Europe Blitz I
Colored Red Africa Blitz II
Colored Red Europe Blitz II
Colored Red Africa Blitz III
Colored Red Europe Blitz III
Recently Updated
How Do You Spell That?
pecheneg
Godzilla Movies
pecheneg
Grab Bag: 4-10 Letters
pecheneg
2024 March Madness Bracket
pecheneg
Famous TV Couples
Peacemaker
Champions League XIs: Real Madrid
pecheneg
Largest US Cities 1790-2010
pecheneg
Rides in Walt Disney World
pecheneg
Most Oscar Losses (Acting)
pecheneg
Beyoncé Albums
pecheneg
Trending Topics
Anime
Marvel
Harry Potter
NBA
Kpop
Crossword
Disney
WWE
The Office
NFL
Song
Pokémon
Soccer
Puzzle
Country
Your Account Isn't Verified!
In order to create a playlist on Sporcle, you need to verify the email address you used during registration. Go to your
Sporcle Settings
to finish the process.
Report this User
Report this user for behavior that violates our
Community Guidelines
.
Details:
Send Report
Go to the Sporcle.com Mobile Site →
Comments